000 00512nam a2200181Ia 4500
008 240925s9999 xx 000 0 und d
020 _a9781108455145
082 _a006.31 DEI
100 _aDeisenroth, Peter Marc
245 0 _aMathematics for Machine Learning
250 _a1st
260 _aNew York:
_bCambridge University
_c,2021.
300 _ax, 294p.
_b0
_fOriginal
500 _aIncludes Index
600 _aComputer Science
650 _aComputer science, information & general works
942 _cBK
999 _c18117
_d18117